[Event "SR 5. liga SE-SI 2015/2016"]
[Site "?"]
[Date "2016.01.30"]
[Round "6.1"]
[White "Sladek, Michal"]
[Black "Horinka, Tomas"]
[Result "1-0"]
[WhiteElo "1275"]
[BlackElo "1000"]
[PlyCount "77"]
[EventDate "2015.??.??"]

1. e4 e5 2. Nf3 Nc6 3. Bc4 Bc5 4. d3 h6 5. Bd5 Nf6 6. Bxc6 bxc6 7. Nxe5 O-O 8.
Ng4 d6 9. h3 Rb8 10. Qf3 Bd4 11. c3 Bb6 12. Qg3 Bd7 13. Nxh6+ Kh8 14. Nf5 Bxf5
15. exf5 g6 16. Qh4+ Kg8 17. fxg6 fxg6 18. O-O Kf7 19. Bg5 Rh8 20. Qc4+ d5 21.
Qxc6 Qe8 22. Qxf6+ Kg8 23. Qe7 Qxe7 24. Bxe7 Re8 25. Re1 Kh7 26. Nd2 Rhg8 27.
Bg5 Rgf8 28. d4 Rxe1+ 29. Rxe1 c6 30. Re7+ Kg8 31. Re6 Bd8 32. Bxd8 Rxd8 33.
Rxg6+ Kf7 34. Rxc6 Re8 35. Rc7+ Re7 36. Rxe7+ Kxe7 37. Kh2 a5 38. Kg3 Kd7 39.
Kg4 1-0

[Event "SR 5. liga SE-SI 2015/2016"]
[Site "?"]
[Date "2016.01.30"]
[Round "6.1"]
[White "Volek, Vladimir"]
[Black "Matula, Vojtech"]
[Result "1-0"]
[WhiteElo "1000"]
[BlackElo "1000"]
[PlyCount "65"]
[EventDate "2015.??.??"]

1. e4 e5 2. Nf3 f6 3. Nc3 Bc5 4. Bc4 d6 5. d3 Bg4 6. h3 Bh5 7. O-O c6 8. Be3
Ne7 9. Qd2 d5 10. exd5 Bf7 11. Bxc5 b6 12. d6 bxc5 13. dxe7 Qxe7 14. Rfe1 O-O
15. Bxf7+ Qxf7 16. Ne4 Qe8 17. d4 Na6 18. Nd6 Qd7 19. dxe5 Nb4 20. exf6 Rxf6
21. Re8+ Rf8 22. Rxf8+ Rxf8 23. Ne5 Qe6 24. Ndf7 Nxa2 25. Qf4 c4 26. Rd1 Qe7
27. Nd7 Rxf7 28. Qb8+ Rf8 29. Qb7 Qe2 30. Nxf8 Qxd1+ 31. Kh2 Qxc2 32. Ne6 c3
33. Qxg7# 1-0

[Event "SR 5. liga SE-SI 2015/2016"]
[Site "?"]
[Date "2016.01.30"]
[Round "6.2"]
[White "Cerovsky, Marian"]
[Black "Huska, Branislav"]
[Result "0-1"]
[WhiteElo "1812"]
[BlackElo "1797"]
[PlyCount "114"]
[EventDate "2015.??.??"]

1. e4 c5 2. Nc3 Nc6 3. Nf3 g6 4. a3 Bg7 5. Bc4 Nf6 6. d3 O-O 7. O-O d6 8. h3 a6
9. Ba2 b5 10. Nd5 e6 11. Nxf6+ Bxf6 12. c3 b4 13. cxb4 cxb4 14. Qa4 Bd7 15.
axb4 Qb6 16. Be3 Qxb4 17. Qxb4 Nxb4 18. d4 Nxa2 19. Rxa2 Bb5 20. Rfa1 Rfc8 21.
Ra5 Kg7 22. e5 Be7 23. Kh2 h6 24. Bd2 Rab8 25. Bc3 d5 26. Re1 Bc4 27. Nd2 Bb4
28. Nxc4 Rxc4 29. Bxb4 Rbxb4 30. Rxa6 Rxb2 31. Kg1 Rxd4 32. Rd6 Rdd2 33. Rf1
Re2 34. Rc6 Rxe5 35. Rc3 Ree2 36. Rd3 Rbd2 37. Rxd2 Rxd2 38. g3 f5 39. Ra1 d4
40. Kf1 Kf6 41. Ke1 Rc2 42. f4 g5 43. fxg5+ hxg5 44. Ra4 Ke5 45. Ra5+ Ke4 46.
g4 Rh2 47. gxf5 exf5 48. Ra8 Rxh3 49. Kf2 Rf3+ 50. Kg2 g4 51. Re8+ Kd3 52. Rc8
Kd2 53. Rc7 d3 54. Ra7 Ke2 55. Re7+ Re3 56. Rf7 d2 57. Rxf5 d1=Q 0-1

[Event "SR 5. liga SE-SI 2015/2016"]
[Site "?"]
[Date "2016.01.30"]
[Round "6.2"]
[White "Macalka, Ondrej"]
[Black "Damborsky, Pavol"]
[Result "1/2-1/2"]
[WhiteElo "1602"]
[BlackElo "1686"]
[PlyCount "69"]
[EventDate "2015.??.??"]

1. e4 e5 2. Nf3 d6 3. Bc4 c6 4. c3 h6 5. d4 Nd7 6. b3 Ngf6 7. Nbd2 b5 8. Bd3
Be7 9. a4 bxa4 10. Rxa4 Bb7 11. Ba3 Nb6 12. Ra5 Nbd5 13. Rxd5 cxd5 14. dxe5
dxe5 15. Bb5+ Kf8 16. Bxe7+ Qxe7 17. exd5 Bxd5 18. O-O Qc5 19. c4 Bxf3 20. Qxf3
Rd8 21. Ne4 Nxe4 22. Qxe4 g6 23. Qc6 Qxc6 24. Bxc6 Rd2 25. f4 f5 26. fxe5 Re2
27. Ra1 Rh7 28. Ra5 Re7 29. Rd5 R2xe5 30. Rd8+ Kg7 31. Bd5 Kf6 32. Rd6+ Kg5 33.
h4+ Kxh4 34. Rxg6 Kh5 35. Rg8 1/2-1/2

[Event "SR 5. liga SE-SI 2015/2016"]
[Site "?"]
[Date "2016.01.30"]
[Round "6.2"]
[White "Dubecky, Ladislav"]
[Black "Petras, Michal"]
[Result "1-0"]
[WhiteElo "1639"]
[BlackElo "1246"]
[PlyCount "55"]
[EventDate "2015.??.??"]

1. e4 d5 2. exd5 Qxd5 3. Nc3 Qa5 4. f4 Nf6 5. Nf3 Bf5 6. Bc4 e6 7. O-O Nbd7 8.
d3 Bb4 9. Bd2 c6 10. Qe1 O-O 11. Ne5 Bd6 12. Ne4 Qc7 13. Nxd7 Nxd7 14. Qg3 Be7
15. Bc3 f6 16. Rae1 Qb6+ 17. Kh1 c5 18. Qh4 Rae8 19. Ng3 Kh8 20. Nxf5 exf5 21.
Re6 Bd6 22. Rf3 Qc7 23. Rh3 h6 24. Qh5 Rxe6 25. Bxe6 Bxf4 26. Bxf5 Ne5 27. Be4
Qf7 28. Qf5 1-0

[Event "SR 5. liga SE-SI 2015/2016"]
[Site "?"]
[Date "2016.01.30"]
[Round "6.2"]
[White "Cibula, Marian"]
[Black "Pisecky, Jan"]
[Result "0-1"]
[WhiteElo "1107"]
[BlackElo "1478"]
[PlyCount "144"]
[EventDate "2015.??.??"]

1. e4 Nc6 2. Nf3 d6 3. d4 e6 4. Nc3 Bd7 5. Bc4 Na5 6. b3 Nxc4 7. bxc4 c5 8. d5
e5 9. h3 h6 10. Rb1 Rb8 11. O-O Nf6 12. Bd2 g5 13. Nh2 Be7 14. Qe2 Rg8 15. f3
Nh5 16. Qf2 Nf4 17. Bxf4 gxf4 18. Ng4 Bh4 19. Qe2 h5 20. Nh6 Rg5 21. Nf5 Bxf5
22. exf5 Rxf5 23. Ne4 Bg3 24. Rb3 b6 25. Rfb1 h4 26. a4 Rh5 27. a5 Rh6 28. axb6
Rxb6 29. Rxb6 axb6 30. c3 f5 31. Nf2 Bxf2+ 32. Kxf2 Rh7 33. Re1 Rg7 34. Kg1 Ra7
35. Rb1 Ra6 36. Qb2 Qc8 37. Qf2 Qd8 38. Qb2 Kf7 39. Qc2 Kf6 40. Qf2 Kg5 41. Qc2
Qd7 42. Qb2 Qa4 43. Qb3 Qxb3 44. Rxb3 e4 45. fxe4 fxe4 46. Rb2 e3 47. Kf1 Kf5
48. Ke2 Ke4 49. Rc2 Ra4 50. Rb2 Rxc4 51. Rb3 Kxd5 52. Kd3 Re4 53. Rb2 c4+ 54.
Ke2 Kc5 55. Kf3 d5 56. Rc2 b5 57. Rb2 Re8 58. Re2 Rf8 59. Rb2 d4 60. cxd4+ Kxd4
61. Rxb5 c3 62. Rb4+ Kd3 63. Rb3 Kd2 64. Ra3 e2 65. Ra2+ c2 66. Rxc2+ Kxc2 67.
Kxe2 Rg8 68. Kf3 Rg3+ 69. Kxf4 Rxg2 70. Kf3 Rg8 71. Kf4 Kd2 72. Kf3 Ke1 0-1

[Event "SR 5. liga SE-SI 2015/2016"]
[Site "?"]
[Date "2016.01.30"]
[Round "6.2"]
[White "Sprusansky, Ferdinand"]
[Black "Datko, Jan"]
[Result "1-0"]
[WhiteElo "1401"]
[BlackElo "1000"]
[PlyCount "69"]
[EventDate "2015.??.??"]

1. e4 e5 2. Nf3 Nc6 3. Bb5 Bc5 4. Nc3 d6 5. O-O Nf6 6. a3 Bg4 7. h3 Bxf3 8.
Qxf3 O-O 9. Bxc6 bxc6 10. d3 Bd4 11. Ne2 c5 12. c3 Bxf2+ 13. Rxf2 Qd7 14. Qg3
Nh5 15. Qg5 g6 16. g4 Ng7 17. Qh4 Qe6 18. Bh6 a6 19. Raf1 Rab8 20. b4 c4 21.
dxc4 Rbe8 22. Bg5 f5 23. exf5 gxf5 24. Bh6 f4 25. Qg5 Rf7 26. Nxf4 exf4 27.
Rxf4 Qe3+ 28. Kh1 Qxh3+ 29. Kg1 Qe3+ 30. Kg2 Qe2+ 31. R1f2 Qe5 32. Rxf7 Qe4+
33. Kg3 Qd3+ 34. R2f3 Qg6 35. Rxg7+ 1-0

[Event "SR 5. liga SE-SI 2015/2016"]
[Site "?"]
[Date "2016.01.30"]
[Round "6.3"]
[White "Kanka, Tomas"]
[Black "Diviak, Rastislav"]
[Result "0-1"]
[WhiteElo "1688"]
[BlackElo "1960"]
[PlyCount "80"]
[EventDate "2015.??.??"]

1. e4 c5 2. c3 Nf6 3. e5 Nd5 4. d4 cxd4 5. Nf3 e6 6. cxd4 Nc6 7. a3 d6 8. Bd3
Qc7 9. Qe2 Nxd4 10. Qd1 Nxf3+ 11. gxf3 dxe5 12. O-O Be7 13. Kh1 Bd7 14. Rg1 Bf6
15. Nd2 g6 16. Ne4 Bg7 17. Bg5 O-O 18. Rc1 Qb6 19. Qd2 Rac8 20. Bc4 f5 21. Bxd5
exd5 22. Be7 fxe4 23. Bxf8 Rxf8 24. Qxd5+ Be6 25. Qxe4 Qxf2 26. Rgf1 Qd4 27.
Qc2 Bd5 28. Rcd1 Qc4 29. Qxc4 Bxc4 30. Rf2 e4 31. Rc1 e3 32. Rfc2 Bd5 33. Rc8
e2 34. Rxf8+ Kxf8 35. Kg2 Bxb2 36. Rc8+ Ke7 37. Kf2 Bxf3 38. a4 a5 39. Rc7+ Kd6
40. Rxh7 Bc3 0-1

[Event "SR 5. liga SE-SI 2015/2016"]
[Site "?"]
[Date "2016.01.30"]
[Round "6.3"]
[White "Drozd, Jan"]
[Black "Kastler, Peter"]
[Result "1/2-1/2"]
[WhiteElo "1560"]
[BlackElo "1761"]
[PlyCount "55"]
[EventDate "2015.??.??"]

1. e4 e6 2. d4 d5 3. Nc3 dxe4 4. Nxe4 Nd7 5. Nf3 Ngf6 6. Nxf6+ Nxf6 7. Bg5 Be7
8. Bd3 O-O 9. O-O b6 10. Re1 Bb7 11. c3 Rc8 12. Qe2 c6 13. Rad1 Qc7 14. Ne5
Rfe8 15. Bxf6 Bxf6 16. Qe4 g6 17. Qf4 Bg7 18. Qe3 c5 19. dxc5 Qxc5 20. Qxc5
Rxc5 21. Ng4 Rd8 22. Bc2 Rxd1 23. Rxd1 Rd5 24. Rxd5 Bxd5 25. a3 Kf8 26. Kf1 Ke7
27. Ne3 Bc6 28. Ke2 1/2-1/2

[Event "SR 5. liga SE-SI 2015/2016"]
[Site "?"]
[Date "2016.01.30"]
[Round "6.3"]
[White "Zajicek, Ferdinand"]
[Black "Kaufman, Robert"]
[Result "1-0"]
[WhiteElo "1774"]
[BlackElo "1256"]
[PlyCount "109"]
[EventDate "2015.??.??"]

1. e4 e5 2. Nf3 Nc6 3. Bc4 Nf6 4. Nc3 Bc5 5. h3 d6 6. a3 Be6 7. Ba2 Qd7 8. d3
d5 9. exd5 Nxd5 10. Ne4 Bb6 11. Bh6 f5 12. Nfg5 Nf4 13. Nxe6 Nxe6 14. Qh5+ g6
15. Nf6+ Ke7 16. Nxd7 gxh5 17. Nxb6 axb6 18. O-O-O Rhg8 19. g3 b5 20. Be3 b4
21. Bxe6 Kxe6 22. Bc5 bxa3 23. Bxa3 b5 24. Bc5 Nd4 25. Bxd4 exd4 26. Rde1+ Kd5
27. Kd2 Rae8 28. Rxe8 Rxe8 29. Ra1 Re7 30. b3 b4 31. Ra5+ c5 32. Ra6 Re6 33.
Ra7 h6 34. Rf7 Re5 35. Rf6 h4 36. gxh4 f4 37. Rxf4 Rh5 38. Re4 Rf5 39. Ke2 Re5
40. Kf3 Rxe4 41. dxe4+ Ke5 42. h5 c4 43. bxc4 d3 44. Ke3 dxc2 45. f4+ Ke6 46.
Kd2 b3 47. Kc1 Kd6 48. f5 Kc5 49. f6 Kb4 50. Kb2 Kxc4 51. f7 Kd3 52. f8=Q Kd2
53. Qxh6+ Kd1 54. Qc1+ Ke2 55. Kxb3 1-0

[Event "SR 5. liga SE-SI 2015/2016"]
[Site "?"]
[Date "2016.01.30"]
[Round "6.3"]
[White "Svarc, Vaclav"]
[Black "Papanek, Lubomir"]
[Result "0-1"]
[WhiteElo "1300"]
[BlackElo "1675"]
[PlyCount "50"]
[EventDate "2015.??.??"]

1. e4 d5 2. Nc3 d4 3. Nce2 e5 4. c3 c5 5. Nf3 Nc6 6. Ng3 a6 7. Bc4 h6 8. Bd5
Bd6 9. Qa4 Nge7 10. Nf5 O-O 11. Nxe7+ Nxe7 12. O-O Rb8 13. d3 b5 14. Qb3 Nxd5
15. Qxd5 Be6 16. Qc6 Rb6 17. Qxb6 Qxb6 18. Bd2 Bg4 19. Nh4 g5 20. Nf5 Bxf5 21.
exf5 f6 22. Rae1 a5 23. Re4 Qc6 24. Rg4 Kf7 25. Rg3 a4 0-1

[Event "SR 5. liga SE-SI 2015/2016"]
[Site "?"]
[Date "2016.01.30"]
[Round "6.3"]
[White "Ralbovsky, Milan"]
[Black "Nater, Nikolas"]
[Result "1-0"]
[WhiteElo "1000"]
[BlackElo "1092"]
[PlyCount "109"]
[EventDate "2015.??.??"]

1. e4 e5 2. d3 Nf6 3. Be3 Nc6 4. Nf3 Bb4+ 5. c3 Ba5 6. b4 Bb6 7. a4 Bxe3 8.
fxe3 d6 9. Be2 Ng4 10. Qd2 Be6 11. d4 O-O 12. d5 Bd7 13. dxc6 Bxc6 14. Qd3 a6
15. Nbd2 b5 16. a5 Nf6 17. O-O-O d5 18. Nxe5 Qe8 19. Nxc6 Qxc6 20. e5 Ne4 21.
Nxe4 dxe4 22. Qd2 h6 23. Qc2 Rad8 24. Rxd8 Rxd8 25. Rd1 Rxd1+ 26. Bxd1 f6 27.
exf6 Qxf6 28. Kb2 Qe5 29. h3 c5 30. Qb3+ c4 31. Qc2 Qd5 32. Bg4 g6 33. Bc8 Qc6
34. Bg4 g5 35. Bf5 Qe8 36. Qxe4 Qxe4 37. Bxe4 Kg7 38. Bb7 Kf6 39. Bxa6 Ke5 40.
Bxb5 Ke4 41. Bxc4 Kxe3 42. a6 Kf2 43. Bd5 Kg3 44. a7 h5 45. a8=Q g4 46. hxg4
hxg4 47. Qb8+ Kh4 48. Qh2+ Kg5 49. g3 Kf5 50. Qh5+ Kf6 51. Bg2 Ke6 52. b5 Kd7
53. Qh6 Kc7 54. b6+ Kb8 55. Qh8# 1-0

[Event "SR 5. liga SE-SI 2015/2016"]
[Site "?"]
[Date "2016.01.30"]
[Round "6.4"]
[White "Tomasovic, Roman"]
[Black "Petrek, David"]
[Result "1-0"]
[WhiteElo "1547"]
[BlackElo "1275"]
[PlyCount "89"]
[EventDate "2015.??.??"]

1. d4 Nf6 2. c4 g6 3. e3 Bg7 4. Nf3 d6 5. Nc3 O-O 6. Bd3 Nbd7 7. O-O e5 8. d5
Nh5 9. e4 f5 10. exf5 gxf5 11. Ng5 Ndf6 12. Ne6 Bxe6 13. dxe6 f4 14. Nd5 Nxd5
15. cxd5 Nf6 16. g3 Kh8 17. Bc2 Rg8 18. Qf3 Bh6 19. Kh1 Qe7 20. Rg1 Qg7 21. Bd2
Qg4 22. Qxg4 Rxg4 23. Bb3 Ne4 24. f3 Rgg8 25. fxe4 Raf8 26. gxf4 Bxf4 27. Bxf4
Rxf4 28. Rxg8+ Kxg8 29. Rg1+ Kf8 30. Bd1 Rxe4 31. Bh5 Rf4 32. Kg2 Rd4 33. Rf1+
Rf4 34. Rxf4+ exf4 35. Kf3 Ke7 36. Kxf4 c6 37. Ke4 Kf6 38. Be8 c5 39. b3 h6 40.
h4 a6 41. a4 a5 42. Bd7 b6 43. Bc6 Ke7 44. Kf5 h5 45. Kg5 1-0

[Event "SR 5. liga SE-SI 2015/2016"]
[Site "?"]
[Date "2016.01.30"]
[Round "6.4"]
[White "Petrek, Miroslav"]
[Black "Vozarova, Adriana"]
[Result "0-1"]
[WhiteElo "1290"]
[BlackElo "1410"]
[PlyCount "56"]
[EventDate "2015.??.??"]

1. e4 e5 2. Nf3 Nc6 3. g3 Nf6 4. d3 Be7 5. Bg2 O-O 6. Nbd2 d5 7. O-O Bg4 8. Re1
Qd7 9. c3 Rfe8 10. Qc2 dxe4 11. dxe4 Rad8 12. Nf1 Bh3 13. Ne3 Bxg2 14. Kxg2 Bc5
15. b4 Bb6 16. Nc4 Qe6 17. Nxb6 cxb6 18. Nh4 Qc4 19. Nf5 Nxb4 20. Qa4 Qxc3 21.
Be3 Nc2 22. Rac1 Nxe1+ 23. Rxe1 Qxe1 24. Qxa7 Qa5 25. Qxb7 Qxa2 26. Bxb6 Qb2
27. Ne7+ Rxe7 28. Qxe7 Qxb6 0-1

[Event "SR 5. liga SE-SI 2015/2016"]
[Site "?"]
[Date "2016.01.30"]
[Round "6.4"]
[White "Tomasovic, Pavol"]
[Black "Oslej, Marek"]
[Result "1-0"]
[WhiteElo "1319"]
[BlackElo "1092"]
[PlyCount "105"]
[EventDate "2015.??.??"]

1. e4 e5 2. Nf3 Nc6 3. Bb5 d6 4. O-O Bd7 5. d4 exd4 6. Nxd4 Nxd4 7. Bxd7+ Qxd7
8. Qxd4 Nf6 9. Re1 Be7 10. Nc3 O-O 11. Bg5 c5 12. Qe3 Ng4 13. Qf4 Bxg5 14. Qxg5
Nf6 15. Rad1 h6 16. Qf4 Qc6 17. Rxd6 Qc7 18. e5 Ne8 19. Rd5 f6 20. Qc4 Kh8 21.
Rxc5 Qf7 22. Qxf7 Rxf7 23. e6 Rc7 24. Rxc7 Nxc7 25. f4 f5 26. h3 Re8 27. e7 Kg8
28. Re5 g6 29. g4 fxg4 30. hxg4 Kf7 31. Kg2 Rxe7 32. Rxe7+ Kxe7 33. Kg3 Kf6 34.
Kh4 Ne6 35. Ne4+ Ke7 36. Kg3 Nd4 37. c3 Ne6 38. f5 gxf5 39. gxf5 Ng5 40. Nxg5
hxg5 41. Kg4 Kf6 42. a4 a5 43. b4 axb4 44. cxb4 b6 45. a5 bxa5 46. bxa5 Ke7 47.
a6 Kd7 48. a7 Kd6 49. a8=Q Ke7 50. Kxg5 Kf7 51. Qc6 Kg8 52. Kg6 Kh8 53. Qe8#
1-0

[Event "SR 5. liga SE-SI 2015/2016"]
[Site "?"]
[Date "2016.01.30"]
[Round "6.4"]
[White "Bazovsky, Max"]
[Black "Fajtakova, Silvia"]
[Result "1-0"]
[WhiteElo "1000"]
[BlackElo "1174"]
[PlyCount "71"]
[EventDate "2015.??.??"]

1. e4 c5 2. f4 b6 3. d3 Bb7 4. Nc3 Nf6 5. Nf3 d5 6. exd5 Nxd5 7. Nxd5 Bxd5 8.
b3 Bb7 9. Be2 e6 10. O-O Bd6 11. Bb2 O-O 12. Qd2 Qc7 13. Ne5 f6 14. Ng4 Qc6 15.
Bf3 Qc7 16. Bxb7 Qxb7 17. Rf3 Nc6 18. Rg3 Kh8 19. c3 Qc7 20. Rf1 e5 21. fxe5
fxe5 22. Re1 e4 23. Rh3 exd3 24. Qxd3 h6 25. Nxh6 gxh6 26. Rxh6+ Kg8 27. Qg6+
Qg7 28. Qxd6 Qf7 29. Qg6+ Qxg6 30. Rxg6+ Kf7 31. Rxc6 Rg8 32. c4 Rg6 33. Rf1+
Ke7 34. Rxg6 Rd8 35. Rg7+ Kd6 36. Rg6+ 1-0

[Event "SR 5. liga SE-SI 2015/2016"]
[Site "?"]
[Date "2016.01.30"]
[Round "6.4"]
[White "Novomeska, Karin"]
[Black "Otepka, Peter"]
[Result "1-0"]
[WhiteElo "1066"]
[BlackElo "1000"]
[PlyCount "91"]
[EventDate "2015.??.??"]

1. e4 e5 2. Nf3 Nc6 3. d4 exd4 4. Nxd4 Bb4+ 5. c3 Bc5 6. Nxc6 dxc6 7. Qxd8+
Kxd8 8. Bc4 Be6 9. Bxe6 fxe6 10. Bg5+ Ke8 11. b4 Be7 12. Bxe7 Nxe7 13. O-O Rd8
14. c4 Rf8 15. Nc3 Rd2 16. b5 Rc2 17. Rac1 Rxa2 18. Nxa2 a5 19. Nc3 cxb5 20.
Nxb5 c6 21. Nc7+ Kd7 22. Nxe6 Kxe6 23. Rcd1 b5 24. c5 Ng6 25. Rd6+ Kf7 26. Rxc6
Rd8 27. Rc7+ Ne7 28. h3 b4 29. Ra7 b3 30. Rxa5 Rb8 31. Ra6 b2 32. c6 b1=Q 33.
Rxb1 Rxb1+ 34. Kh2 h5 35. c7 g5 36. Rd6 Ke8 37. Re6 Kd7 38. Rh6 h4 39. Rh5 Ng6
40. Rh7+ Kc8 41. f3 Nf4 42. Rg7 Ne2 43. Rxg5 Rh1+ 44. Kxh1 Ng3+ 45. Kh2 Nf1+
46. Kg1 1-0

[Event "SR 5. liga SE-SI 2015/2016"]
[Site "?"]
[Date "2016.01.30"]
[Round "6.5"]
[White "Drinka, Robert"]
[Black "Daniel, Dusan"]
[Result "0-1"]
[WhiteElo "1368"]
[BlackElo "1003"]
[PlyCount "68"]
[EventDate "2015.??.??"]

1. e4 e5 2. Nf3 Nc6 3. Bc4 Bc5 4. c3 d6 5. d4 Bb6 6. dxe5 dxe5 7. Qxd8+ Nxd8 8.
Nxe5 Be6 9. Bg5 f6 10. Bxf6 gxf6 11. Bxe6 Nxe6 12. Nc4 O-O-O 13. Nxb6+ axb6 14.
Nd2 Nf4 15. Rg1 Nd3+ 16. Ke2 Nxb2 17. Rab1 Nd3 18. Rgd1 Ne7 19. Nc4 Nc5 20. f3
f5 21. exf5 Nxf5 22. Ra1 Rhe8+ 23. Kf2 Nd3+ 24. Kf1 Ne3+ 25. Nxe3 Rxe3 26. a4
c5 27. a5 Rde8 28. axb6 c4 29. f4 Re2 30. Ra8+ Kd7 31. Rxe8 Rxe8 32. g3 Ke6 33.
Rd2 Kf5 34. Re2 Ra8 0-1

[Event "SR 5. liga SE-SI 2015/2016"]
[Site "?"]
[Date "2016.01.30"]
[Round "6.5"]
[White "Svrcek, Daniel"]
[Black "Simek, Adam"]
[Result "1-0"]
[WhiteElo "1340"]
[BlackElo "1097"]
[PlyCount "87"]
[EventDate "2015.??.??"]

1. e4 e5 2. Nf3 Nc6 3. Bb5 Nf6 4. d3 d5 5. Nbd2 dxe4 6. Bxc6+ bxc6 7. dxe4 Bg4
8. O-O Bc5 9. Qe1 O-O 10. Nxe5 Qe7 11. Nxg4 Nxg4 12. Nf3 Rfe8 13. Bf4 Rab8 14.
b3 Bb4 15. c3 Bd6 16. Bxd6 cxd6 17. Qd2 Qxe4 18. Qxd6 Rbd8 19. Qb4 Qxb4 20.
cxb4 Re2 21. Rad1 Rxd1 22. Rxd1 g6 23. Nd4 Rxa2 24. Nxc6 Nxf2 25. Rf1 Nd3 26.
h3 Kg7 27. Rf3 Ne1 28. Rf2 Rxf2 29. Kxf2 Nd3+ 30. Ke3 Ne1 31. Nxa7 Nxg2+ 32.
Kf3 Nh4+ 33. Ke2 f5 34. b5 f4 35. b6 f3+ 36. Kf2 Kf6 37. b7 Kf5 38. b8=Q g5 39.
Qb5+ Kf6 40. Qc4 Kf5 41. Qg4+ Kg6 42. Nc6 Ng2 43. Qxf3 Nf4 44. b4 1-0

[Event "SR 5. liga SE-SI 2015/2016"]
[Site "?"]
[Date "2016.01.30"]
[Round "6.5"]
[White "Nesnadny, Tomas"]
[Black "Horak, Viliam"]
[Result "0-1"]
[WhiteElo "1000"]
[BlackElo "1000"]
[PlyCount "68"]
[EventDate "2015.??.??"]

1. e4 e5 2. Bc4 Nf6 3. d3 Bc5 4. Nf3 d6 5. Nc3 Bg4 6. Be3 Bb6 7. Nd5 Nxd5 8.
Bxd5 c6 9. Bc4 O-O 10. Qd2 Bxf3 11. gxf3 Bxe3 12. Qxe3 d5 13. exd5 cxd5 14. Bb3
Nc6 15. Rg1 Nd4 16. O-O-O Qd6 17. Qg5 Ne6 18. Qg4 g6 19. c4 Rac8 20. Qh4 Nd4
21. Rg3 Ne2+ 22. Kb1 Nxg3 23. hxg3 f6 24. Qh6 Rf7 25. cxd5 Kh8 26. f4 Rg7 27.
fxe5 Qxe5 28. Qh3 Qf5 29. Qg2 Rgc7 30. Bc2 Rxc2 31. Qh2 Qxd3 32. Qh1 Rd2+ 33.
Ka1 Rxd1+ 34. Qxd1 Qxd1# 0-1

[Event "SR 5. liga SE-SI 2015/2016"]
[Site "?"]
[Date "2016.01.30"]
[Round "6.5"]
[White "Sefcik, Oliver"]
[Black "Visvader, Kristof"]
[Result "1-0"]
[WhiteElo "1000"]
[BlackElo "1000"]
[PlyCount "113"]
[EventDate "2015.??.??"]

1. e4 e5 2. Nf3 Nc6 3. Bc4 h6 4. d3 Nf6 5. Be3 d5 6. Bb5 dxe4 7. Nxe5 Bd7 8. d4
a6 9. Bxc6 Bxc6 10. O-O Bd6 11. Bf4 O-O 12. Nc3 Bxe5 13. Bxe5 b5 14. Re1 b4 15.
Ne2 Ng4 16. Ng3 Nxe5 17. dxe5 Bb5 18. Nxe4 Qxd1 19. Raxd1 Rfd8 20. b3 Rxd1 21.
Rxd1 Be2 22. Rd2 Bg4 23. f3 f5 24. fxg4 fxe4 25. Re2 Rd8 26. Rxe4 Rd1+ 27. Kf2
Rd2+ 28. Kg3 Rxc2 29. e6 Kf8 30. Rxb4 Rc3+ 31. Kf4 Rc2 32. Ke5 Re2+ 33. Kd5
Rd2+ 34. Kc6 Rc2+ 35. Kd7 Rd2+ 36. Kxc7 Rxg2 37. Re4 Ke7 38. b4 Rc2+ 39. Kb6
Kd6 40. e7 Rc6+ 41. Ka5 Rc8 42. e8=Q Rxe8 43. Rxe8 Kd7 44. Rg8 g5 45. Kxa6 Ke7
46. b5 Kf7 47. Ra8 Ke7 48. b6 Kd7 49. b7 Kc6 50. b8=Q Kd7 51. Qb7+ Ke6 52. Rc8
Ke5 53. Rc5+ Kf4 54. Qb4+ Ke3 55. Rc3+ Kd2 56. Qb2+ Kd1 57. Rc1# 1-0

[Event "SR 5. liga SE-SI 2015/2016"]
[Site "?"]
[Date "2016.02.20"]
[Round "7.1"]
[White "Jankovic, Vit"]
[Black "Brunovsky, Peter"]
[Result "0-1"]
[WhiteElo "1118"]
[BlackElo "1831"]
[PlyCount "56"]
[EventDate "2015.??.??"]

1. e4 c6 2. Nc3 d5 3. Nf3 dxe4 4. Nxe4 Nf6 5. Nc3 Bg4 6. Be2 e6 7. d4 Bd6 8.
Bd2 Nbd7 9. O-O Qc7 10. b3 Bxf3 11. Bxf3 Bxh2+ 12. Kh1 Bf4 13. Re1 O-O-O 14.
Kg1 Nb6 15. Ne2 Bxd2 16. Qxd2 Kb8 17. a4 h6 18. b4 g5 19. a5 Nc4 20. Qd3 g4 21.
Qxc4 gxf3 22. Ng3 h5 23. Qd3 fxg2 24. Kxg2 h4 25. Ne2 Rdg8+ 26. Kf1 Qh2 27. Ng1
Rxg1+ 28. Ke2 Rxe1+ 0-1

[Event "SR 5. liga SE-SI 2015/2016"]
[Site "?"]
[Date "2016.02.20"]
[Round "7.1"]
[White "Hyza, Richard"]
[Black "Simek, Adam"]
[Result "0-1"]
[WhiteElo "1000"]
[BlackElo "1097"]
[PlyCount "146"]
[EventDate "2015.??.??"]

1. e4 e5 2. Nf3 Nc6 3. Bc4 Nf6 4. Nc3 Nxe4 5. Nxe4 d5 6. Bd3 dxe4 7. Bxe4 Bg4
8. d3 Bc5 9. Be3 Bxf3 10. Bxf3 Bxe3 11. fxe3 O-O 12. Qd2 Qh4+ 13. g3 Qb4 14.
Qxb4 Nxb4 15. O-O-O Nxa2+ 16. Kb1 Nb4 17. Rhe1 Rab8 18. d4 Nc6 19. Bxc6 bxc6
20. dxe5 Rfe8 21. Rd7 Rb7 22. Red1 g6 23. Rd8 Kf8 24. Rxe8+ Kxe8 25. Rd4 Ke7
26. c3 Ke6 27. Kc2 Kxe5 28. Kd3 Rxb2 29. Rd7 Rxh2 30. Rxc7 Kd5 31. Rxa7 c5 32.
Ra4 Rg2 33. Rg4 f5 34. Ra4 Rxg3 35. Ra8 f4 36. Rd8+ Ke5 37. Kc4 Rxe3 38. Rd5+
Ke6 39. Rxc5 f3 40. Rc6+ Kf5 41. Rc8 Kg5 42. Rf8 h5 43. Kd4 Re1 44. Rxf3 Kg4
45. Rf2 Kg3 46. Rc2 h4 47. c4 h3 48. Rc3+ Kg2 49. Rc2+ Kg1 50. c5 h2 51. Rxh2
Kxh2 52. c6 Rc1 53. Kd5 g5 54. Kd6 g4 55. Kd7 g3 56. c7 Rxc7+ 57. Kxc7 g2 58.
Kd6 g1=Q 59. Kd5 Qg4 60. Ke5 Qc4 61. Kf5 Qd4 62. Ke6 Qc5 63. Kf6 Qd5 64. Ke7
Qc6 65. Kf7 Qd6 66. Kg7 Qe6 67. Kh7 Qf6 68. Kg8 Qe7 69. Kh8 Kh3 70. Kg8 Kh4 71.
Kh8 Kh5 72. Kg8 Kh6 73. Kh8 Qh7# 0-1

[Event "SR 5. liga SE-SI 2015/2016"]
[Site "?"]
[Date "2016.02.20"]
[Round "7.1"]
[White "Jankovic, Erik"]
[Black "Horinka, Tomas"]
[Result "0-1"]
[WhiteElo "1000"]
[BlackElo "1000"]
[PlyCount "76"]
[EventDate "2015.??.??"]

1. e4 e5 2. Nf3 Nc6 3. Nc3 Bc5 4. Bb5 Nf6 5. d3 O-O 6. Bg5 h6 7. Bxf6 gxf6 8.
Bxc6 bxc6 9. O-O Kh8 10. Na4 Be7 11. Nc3 Rg8 12. Re1 Qf8 13. Re2 Qg7 14. g3 Ba6
15. Re1 Rab8 16. b3 Bb4 17. Qd2 Qf8 18. Rab1 d5 19. exd5 cxd5 20. Re2 d4 21.
Nxd4 exd4 22. Qf4 Bxc3 23. Qxc7 Rb7 24. Qf4 Rg6 25. Qe4 Rb8 26. Qc6 Bb7 27. Qc7
Qd8 28. Qxd8+ Rxd8 29. Re7 Rb8 30. Rxf7 a5 31. a3 Bd5 32. Rd7 Ba8 33. b4 axb4
34. axb4 Rxb4 35. Rxb4 Bxb4 36. Rxd4 Rg8 37. Rxb4 Re8 38. d4 Re1# 0-1

[Event "SR 5. liga SE-SI 2015/2016"]
[Site "?"]
[Date "2016.02.20"]
[Round "7.1"]
[White "Volek, Vladimir"]
[Black "Velicky, Samuel"]
[Result "1-0"]
[WhiteElo "1000"]
[BlackElo "1000"]
[PlyCount "64"]
[EventDate "2015.??.??"]

1. e4 e5 2. Nf3 Nc6 3. Bc4 Nf6 4. Nc3 Bb4 5. d3 d6 6. Bg5 Bg4 7. h3 Bxf3 8.
gxf3 Nd4 9. Bxf6 Qxf6 10. a3 Bxc3+ 11. bxc3 Nxf3+ 12. Kf1 O-O 13. Bd5 Rab8 14.
Rb1 b6 15. d4 exd4 16. cxd4 Nxd4 17. e5 Qxe5 18. c3 Nf5 19. Qd3 g6 20. h4 h5
21. Bf3 Ne7 22. Bxh5 Qxh5 23. Qd4 c5 24. Qe4 f5 25. Qe6+ Rf7 26. Qxd6 Rc8 27.
Re1 Kf8 28. Qd7 Re8 29. Rg1 Qf3 30. Re6 Qxc3 31. Rexg6 Qc1+ 32. Kg2 Rg7 {
33.Df6+ Kg8 34.Dxg7 mat.} 1-0

[Event "SR 5. liga SE-SI 2015/2016"]
[Site "?"]
[Date "2016.02.20"]
[Round "7.1"]
[White "Visvader, Kristof"]
[Black "Daniel, Jakub"]
[Result "1-0"]
[WhiteElo "1000"]
[BlackElo "1000"]
[PlyCount "87"]
[EventDate "2015.??.??"]

1. e4 e5 2. Nf3 Nc6 3. Nc3 Nf6 4. Bb5 a6 5. Bxc6 dxc6 6. Nxe5 Bc5 7. d3 Nh5 8.
Nf3 Bg4 9. O-O Qf6 10. e5 Qf5 11. Nh4 Qxe5 12. Re1 O-O 13. Rxe5 Bxd1 14. Rxc5
Rfe8 15. Bd2 Re7 16. Rxh5 Rae8 17. Rxd1 h6 18. h3 b5 19. Kf1 b4 20. Ne4 b3 21.
axb3 c5 22. Rxc5 Re6 23. Re1 a5 24. Rxc7 a4 25. bxa4 Rb8 26. Nc5 Reb6 27. Nd7
R6b7 28. Nxb8 Rxc7 29. Re8+ Kh7 30. Bf4 Rxc2 31. Nf3 Rxb2 32. d4 f5 33. d5 Kg6
34. d6 Kh5 35. d7 g5 36. d8=Q Rb1+ 37. Ne1 gxf4 38. g3 fxg3 39. fxg3 f4 40. Rg8
Rxe1+ 41. Kxe1 fxg3 42. Qd5+ Kh4 43. Qf3 Kxh3 44. Qxg3# 1-0